Vynikajúca podnikateľka roka 2000 bulletin súťaže

Bibliographic Details
Corporate Authors: Vynikajúca podnikateľka roka 2000 Bratislava, Slovensko (Author), Národná agentúra pre rozvoj malého a stredného podnikania (Slovensko) (Author, ini)
Format: Conference Proceeding Book
Language:Slovak
PhysicalDescription:16 s. fareb. fotogr. 21 cm
Published: Bratislava Národná agentúra pre rozvoj malého a stredného podnikania 2000
ISBN:8088957109
Subjects:

MARC

LEADER 00000nam a2200000 a 4500
001 vtls001417088
003 SK-MaSNL
005 20260425232025.0
008 160415s2000 xo a y 0 slo
015 |a SNBE2001/04-02696 
020 |a 8088957109 
035 |a SNK000371867 
040 |a SNK  |b slo  |c SNK  |e AACR2 
041 0 |a slo 
044 |a xo  |c SK 
080 |a 658.114(437.6):06.063(083.97)  |2 1981 
111 1 |a Vynikajúca podnikateľka roka 2000  |n 2.  |d 2000  |c Bratislava, Slovensko  |4 aut  |9 463208 
245 1 |a Vynikajúca podnikateľka roka 2000  |b bulletin súťaže  |c design: Marek Suchovský ; autor fotografií: Dušan Štrbák 
260 |a Bratislava  |b Národná agentúra pre rozvoj malého a stredného podnikania  |c 2000 
300 |a 16 s.  |b fareb. fotogr.  |c 21 cm 
610 0 7 |a Vynikajúca podnikateľka roka 2000  |b 2.  |d 2000  |x programy podujatí  |2 SNK  |9 463209 
611 1 7 |a Vynikajúca podnikateľka roka 2000  |n 2.  |d 2000  |c Bratislava, Slovensko  |x programy podujatí  |2 SNK  |9 463210 
651 7 |a Bratislava (Slovensko)  |2 SNK  |9 14568 
655 7 |a programy podujatí  |2 SNK  |9 70446 
710 0 |a Národná agentúra pre rozvoj malého a stredného podnikania (Slovensko)  |4 aut  |4 ini  |9 33199 
919 |a 80-88957-10-9 
958 |a TL 
958 |a BQ 
999 |c 726177  |d 728107 
952 |t P60, <03>, [BOOK], {603}  |a SNK  |b SNK  |y PREZ  |7 0  |p 17A0308214  |o snkOSC 21307  |i snkKSP 8562/2001  |0 0  |1 0  |4 0  |d 2001-07-23  |l 0  |r 2005-01-02 00:00:00  |w 2026-02-23 
952 |t P60, <04>, [BOOK], {604}  |a SNK  |b SNK  |y VYP  |7 0  |p 17A0308215  |o snkOSC 21307 D1  |i snkKSP 8563/2001  |0 0  |1 0  |4 0  |d 2001-07-23  |l 0  |r 2005-01-02 00:00:00  |w 2026-02-23 
952 |t P60, <09>, [BOOK], {629}  |a SNK  |b SNK  |y NEVYP  |7 0  |o snkC 442  |i snk744/20010820  |0 0  |1 0  |4 0  |d 2001-08-17  |l 0  |r 2005-01-02 00:00:00  |w 2026-02-23